书目信息 |
| 题名: |
人身伤害赔偿规定
|
|
| 作者: | ;中国法制出版社 编 | |
| 分册: | ||
| 出版信息: | 北京 中国法制出版社 2003.07 |
|
| 页数: | 182页 | |
| 开本: | 21cm | |
| 丛书名: | 公平之剑丛书 | |
| 单 册: | ||
| 中图分类: | D924.349 | |
| 科图分类: | ||
| 主题词: | 侵犯人身权利罪--qin fan ren shen quan li zui--赔偿--法规--汇编--中国 | |
| 电子资源: | ||
| ISBN: | 7-80182-139-4 | |
| 000 | 01061nam 2200253 450 | |
| 001 | 0153989827 | |
| 005 | 20051012105744.68 | |
| 010 | @a7-80182-139-4@dCNY10.00 | |
| 100 | @a20050119d2003 km y0chiy0120 ea | |
| 101 | 0 | @achi |
| 102 | @aCN@b110000 | |
| 105 | @ay n 000yy | |
| 200 | 1 | @a人身伤害赔偿规定@Aren shen shang hai pei chang gui ding@f中国法制出版社[编]@Fzhong guo fa zhi chu ban she[bian] |
| 210 | @a北京@c中国法制出版社@d2003.07 | |
| 215 | @a182页@d21cm | |
| 225 | 2 | @a公平之剑丛书@Agong ping zhi jian cong shu |
| 314 | @a责任者取自版权页。 | |
| 330 | @a当前,汽车交通事故、医疗事故、学生伤害事故、工伤事故等各类伤害人体的事故频繁发生,给广大人民群众造成了严重的损失。为了方便各界人士依法妥善处理人身伤害赔偿问题,本书收录了相关的法律、行政法规、司法解释和部门规章。 | |
| 410 | 0 | @12001 @a公平之剑丛书 |
| 606 | 0 | @a侵犯人身权利罪@Aqin fan ren shen quan li zui@x赔偿@x法规@x汇编@y中国 |
| 690 | @aD924.349@v4 | |
| 711 | 02 | @a中国法制出版社@Azhong guo fa zhi chu ban she@4编 |
| 801 | 0 | @aCN@bQSSK@c20051012 |
| 905 | @a10447@dD924.349@eZ494 | |
| 人身伤害赔偿规定/中国法制出版社[编].-北京:中国法制出版社,2003.07 |
| 182页;21cm.-(公平之剑丛书) |
| ISBN 7-80182-139-4:CNY10.00 |
| 当前,汽车交通事故、医疗事故、学生伤害事故、工伤事故等各类伤害人体的事故频繁发生,给广大人民群众造成了严重的损失。为了方便各界人士依法妥善处理人身伤害赔偿问题,本书收录了相关的法律、行政法规、司法解释和部门规章。 |
| ● |
| 相关链接 |
|
|
|
正题名:人身伤害赔偿规定
索取号:D924.349/Z494
 
预约/预借
| 序号 | 登录号 | 条形码 | 馆藏地/架位号 | 状态 | 备注 |
| 1 | 565588 | 205655888 | 社科库509/509社科库 99排1列3层/ [索取号:D924.349/Z494] | 在馆 | |
| 2 | 565589 | 205655897 | 社科库509/509社科库 99排1列3层/ [索取号:D924.349/Z494] | 在馆 | |
| 3 | 565590 | 205655904 | 社科库509/509社科库 99排1列3层/ [索取号:D924.349/Z494] | 在馆 |